| 000 | 00567nam a2200145Ia 4500 | ||
|---|---|---|---|
| 008 | 170221s9999 xx 000 0 und d | ||
| 100 | _aAnitsal, M. Meral | ||
| 245 | _aAttitudes of Hispanic versus Caucasian parents towards booster seat usage | ||
| 245 | _cM. Meral Anitsal, Tennessee Tech University; Ismet Anitsal, Tennessee Tech University; Kevin Liska, Tennessee Tech University. | ||
| 260 | _bJournal of Management and Marketing Research | ||
| 260 | _c2012 | ||
| 300 | _a32 : 5 | ||
| 650 | _xBusiness | ||
| 856 | _uhttp://www.aabri.com/manuscripts/121207.pdf | ||
| 999 |
_c311243 _d311243 |
||